Microbial ecology Fundamental and Applications

Uloženo v:
Podrobná bibliografie
Hlavní autor: RONALD M ATLAS
Médium: Kniha
Jazyk:Undetermined
Vydáno: Menlo Park, California Addison Wesley Longman 1997
Témata:
Tagy: Přidat tag
Žádné tagy, Buďte první, kdo otaguje tento záznam!
Thư viện lưu trữ: Trung tâm Học liệu Trường Đại học Cần Thơ
LEADER 00518nam a2200181Ia 4500
001 CTU_48884
008 210402s9999 xx 000 0 und d
082 |a 579.17 
082 |b A881 
100 |a RONALD M ATLAS 
245 0 |a Microbial ecology 
245 0 |b Fundamental and Applications 
245 0 |c RONALD M ATLAS, Richard Bartha 
260 |a Menlo Park, California 
260 |b Addison Wesley Longman 
260 |c 1997 
650 |a microbial ecology 
980 |a Trung tâm Học liệu Trường Đại học Cần Thơ